Acute, subchronic, and chronic toxicity testing
Saved in:
| Other Authors: | |
|---|---|
| Format: | Electronic |
| Language: | English |
| Published: |
London :
Henry Stewart Talks,
2012.
|
| Series: | Henry Stewart talks. Biomedical & life sciences collection. Non-clinical testing for toxicity of pharmaceuticals.
|
| Subjects: | |
| Tags: |
Add Tag
No Tags, Be the first to tag this record!
|
| LEADER | 01447ngm a22002895a 4500 | ||
|---|---|---|---|
| 001 | 014242589-3 | ||
| 005 | 20150116184925.0 | ||
| 006 | m|||||o||c|||||||| | ||
| 008 | 130125s2012 enk|||||||||||o|||v|eng d | ||
| 035 | |a (HSTalks)HST3254_20141204 | ||
| 040 | |a UKHST |c UKHST | ||
| 040 | |a HSTalks |b eng |c HSTalks | ||
| 100 | 1 | |a Ruppert, Gregory. |4 spk | |
| 245 | 1 | 0 | |a Acute, subchronic, and chronic toxicity testing |h [electronic resource] / |c Gregory Ruppert. |
| 260 | |a London : |b Henry Stewart Talks, |c 2012. | ||
| 300 | |a 1 streaming video file (20 min.) : |b digital, mono., SWF file, sd., col. | ||
| 490 | 1 | |a Non-Clinical testing for toxicity of pharmaceuticals : regulatory and practical standards for testing and application | |
| 500 | |a Animated audio-visual presentation with synchronized narration. | ||
| 500 | |a Title from title frames. | ||
| 505 | 0 | |a Contents: Purpose of acute, subchronic, and chronic general toxicology testing -- Regulations and guidelines on conduct -- Considerations and components to consider during study design -- Differences between small and large molecule toxicology study designs. | |
| 650 | 0 | 2 | |a Drug-Related Side Effects and Adverse Reactions. |
| 650 | 0 | 0 | |a Acute toxicity testing. |
| 650 | 0 | 0 | |a Chronic toxicity testing. |
| 650 | 0 | 2 | |a Toxicity tests. |
| 830 | 0 | |a Henry Stewart talks. |p Biomedical & life sciences collection. |p Non-clinical testing for toxicity of pharmaceuticals. | |
| 988 | |a 20141204 | ||
| 906 | |0 OCLC | ||